| 000 | 01008cam a22002174a 4500 | ||
|---|---|---|---|
| 005 | 20250605164035.0 | ||
| 008 | 250528s ||||||||||||||||||||||||d | ||
| 035 | _a16791 | ||
| 020 | _a521353254 | ||
| 040 |
_aGR-AtMCL _bgre _dGR-AtMCL _eAACR2 |
||
| 245 | 1 | _aWriting for Study Purposes / A Teacher's Guide for Developing Individual Writing Skills | |
| 250 | _a1st | ||
| 260 |
_bCambridge University Press, _c1990 |
||
| 300 | _a166 | ||
| 520 | _aA handbook for teachers of English which explores the development of writing skills in an academic context. Acknowledgements, Preface, The Approach, Introduction, The Writing Process, Cultural Assumptions About Writing, Improving Writing Skills, Evaluating Writing, Getting the Best Out of this Book in the Classroom, The Exercises, Introduction, Negotiation, Organization, The Sociology of Writing, Techniques, Bibliography. | ||
| 700 | 1 |
_aBrookes Arthur _92880 |
|
| 700 | 1 |
_aGrundy Peter _92881 |
|
| 942 | _cBK | ||
| 999 |
_c2254 _d2254 |
||